[Event "47. Torneo Villa de Mislata - Torneo A"]
[Site "Mislata ESP"]
[Date "2013.08.16"]
[Round "7.16"]
[White "Gonzalez Santamartina, Jorge"]
[Black "Ferreruela Romero, Jose Joaquin"]
[Result "1-0"]
[WhiteElo "1891"]
[BlackElo "2022"]
[PlyCount "103"]
[EventDate "2013.08.12"]
[EventType "swiss"]
[EventRounds "9"]
[EventCountry "ESP"]
[Source "lmi"]
[SourceDate "2013.08.12"]

1. e4 d5 2. exd5 c6 3. dxc6 Nxc6 4. Nf3 e5 5. Nc3 Nf6 6. d3 Bc5 7. Be2 Bf5 8.
O-O O-O 9. Bg5 h6 10. Bxf6 gxf6 11. Nh4 Bh7 12. Ne4 Bb6 13. Bg4 Nd4 14. Ng3 f5
15. Nhxf5 Nxf5 16. Bxf5 Qg5 17. Qf3 Bg6 18. Rfe1 Qf4 19. Re4 Qxf3 20. gxf3 Kg7
21. Rxe5 Bc7 22. Rd5 Bxg3 23. fxg3 Bxf5 24. Rxf5 Rfe8 25. Kf2 Red8 26. Re5 Rac8
27. Re2 Rc7 28. Rd1 Rcd7 29. Red2 Kf6 30. d4 b5 31. c3 Rc8 32. d5 Rd6 33. Rd3
Rc7 34. Rd4 Rc5 35. R1d3 Rc7 36. b3 Rc5 37. Ke2 a6 38. c4 bxc4 39. bxc4 Ra5 40.
Rd2 Ke7 41. Rc2 Rc5 42. Re4+ Kf6 43. Kd3 Kf5 44. Kd4 Rdxd5+ 45. cxd5 Rxc2 46.
d6 Rxa2 47. Kd5 Rd2+ 48. Kc6 Rc2+ 49. Kd7 a5 50. Ke7 Rc3 51. d7 Rxf3 52. Rf4+
1-0

[Event "47. Torneo Villa de Mislata - Torneo A"]
[Site "Mislata ESP"]
[Date "2013.08.16"]
[Round "7.17"]
[White "Jordan Arenas, Manuel"]
[Black "Ortega Lopez, Mikel"]
[Result "1-0"]
[WhiteElo "2114"]
[BlackElo "1988"]
[PlyCount "99"]
[EventDate "2013.08.12"]
[EventType "swiss"]
[EventRounds "9"]
[EventCountry "ESP"]
[Source "lmi"]
[SourceDate "2013.08.12"]

1. d4 Nf6 2. c4 e6 3. Nf3 Bb4+ 4. Bd2 Qe7 5. g3 Nc6 6. Nc3 b6 7. Bg2 Bb7 8. O-O
Bxc3 9. Bxc3 d5 10. Qb3 h5 11. h4 O-O-O 12. cxd5 exd5 13. Rfc1 Ne4 14. Qa4 f6
15. Be1 Qe6 16. Rc2 Kb8 17. Rac1 Rd6 18. b4 Rc8 19. Bd2 Ne7 20. b5 Nf5 21. Bf4
Rd7 22. Bh3 Re7 23. Qb4 Rf7 24. a4 g5 25. hxg5 fxg5 26. Nxg5 Nxg5 27. Bxg5 Qg6
28. Qd2 h4 29. Bxf5 Qxf5 30. Bf4 Rg8 31. e3 Rgg7 32. Rc3 Rh7 33. Qc2 Qc8 34.
Rxc7 Qxc7 35. Bxc7+ Rxc7 36. Qd1 h3 37. Rxc7 Rxc7 38. Qh5 Bc8 39. g4 Rc1+ 40.
Kh2 Rf1 41. Qh4 Bd7 42. Qg3+ Ka8 43. Kxh3 a5 44. Qc7 Bxg4+ 45. Kxg4 Rg1+ 46.
Qg3 Rc1 47. Qd6 Rc7 48. Qxd5+ Ka7 49. e4 Rg7+ 50. Kf4 1-0

[Event "47. Torneo Villa de Mislata - Torneo A"]
[Site "Mislata ESP"]
[Date "2013.08.16"]
[Round "7.18"]
[White "Garcia Sancho, Josep"]
[Black "Calvo Alfonso, Vicente"]
[Result "0-1"]
[WhiteElo "1735"]
[BlackElo "2177"]
[PlyCount "66"]
[EventDate "2013.08.12"]
[EventType "swiss"]
[EventRounds "9"]
[EventCountry "ESP"]
[Source "lmi"]
[SourceDate "2013.08.12"]

1. d4 d5 2. c4 c6 3. Nf3 Nf6 4. Nc3 a6 5. c5 b6 6. cxb6 Nbd7 7. Bf4 Qxb6 8. Qd2
e6 9. Rc1 Ne4 10. Qc2 Nxc3 11. bxc3 Be7 12. e3 c5 13. dxc5 Nxc5 14. Be5 f6 15.
Bd4 e5 16. Bxc5 Qxc5 17. Be2 O-O 18. O-O Be6 19. Nd2 Rfc8 20. c4 Qa3 21. Qb3
Rab8 22. Qxa3 Bxa3 23. Rb1 Rxb1 24. Rxb1 dxc4 25. Rb6 c3 26. Rxe6 cxd2 27. h3
Rc1+ 28. Kh2 d1=Q 29. Bxd1 Rxd1 30. Rxa6 Bb4 31. Ra8+ Kf7 32. Ra7+ Kg6 33. e4
Bc5 0-1

[Event "47. Torneo Villa de Mislata - Torneo A"]
[Site "Mislata ESP"]
[Date "2013.08.16"]
[Round "7.19"]
[White "Morant Amezaga, Elies"]
[Black "Guillem Mora, Carlos"]
[Result "1-0"]
[WhiteElo "2022"]
[BlackElo "1903"]
[PlyCount "117"]
[EventDate "2013.08.12"]
[EventType "swiss"]
[EventRounds "9"]
[EventCountry "ESP"]
[Source "lmi"]
[SourceDate "2013.08.12"]

1. d4 Nf6 2. c4 c5 3. Nf3 cxd4 4. Nxd4 Nc6 5. Nc3 g6 6. e4 d6 7. Be2 Nxd4 8.
Qxd4 Bg7 9. Be3 O-O 10. Qd2 Qa5 11. f3 Be6 12. O-O Rfc8 13. Nd5 Qxd2 14. Bxd2
Nxd5 15. exd5 Bf5 16. Bc3 Bxc3 17. bxc3 b5 18. g4 Bd7 19. Rab1 Rab8 20. Rb2
bxc4 21. Rfb1 Rxb2 22. Rxb2 Rc7 23. Rb4 Kg7 24. Kf2 Kf6 25. Ke3 Ke5 26. Rxc4
Rxc4 27. Bxc4 g5 28. Bb3 Bc8 29. Bc2 h6 30. c4 Ba6 31. Bd3 e6 32. dxe6 fxe6 33.
a4 Bb7 34. Be4 Ba6 35. Bd3 Bc8 36. a5 Ba6 37. h3 d5 38. c5 Bxd3 39. Kxd3 d4 40.
c6 Kd6 41. Kxd4 Kxc6 42. Ke5 Kb5 43. f4 gxf4 44. Kxf4 Kc6 45. g5 hxg5+ 46. Kxg5
Kd5 47. h4 e5 48. h5 e4 49. Kf4 Kd4 50. h6 e3 51. h7 e2 52. h8=Q+ Kd3 53. Qd8+
Kc2 54. Qc7+ Kd2 55. Qd6+ Kc2 56. Qc5+ Kd1 57. Qd4+ Kc2 58. Qe3 Kd1 59. Qd3+
1-0

[Event "47. Torneo Villa de Mislata - Torneo A"]
[Site "Mislata ESP"]
[Date "2013.08.16"]
[Round "7.20"]
[White "Gomez Sanjuan, Hector Fernando"]
[Black "Cebrian Flores, Juan Antonio"]
[Result "1/2-1/2"]
[WhiteElo "1711"]
[BlackElo "1988"]
[PlyCount "52"]
[EventDate "2013.08.12"]
[EventType "swiss"]
[EventRounds "9"]
[EventCountry "ESP"]
[Source "lmi"]
[SourceDate "2013.08.12"]

1. d4 d6 2. c4 Nf6 3. f3 g6 4. e4 Bg7 5. Nc3 O-O 6. Be3 c5 7. Nge2 cxd4 8. Nxd4
Nc6 9. Qd2 Nxd4 10. Bxd4 Qa5 11. Be2 Be6 12. O-O Rfc8 13. b3 a6 14. Rfd1 Rab8
15. Nd5 Qxd2 16. Rxd2 Nxd5 17. exd5 Bd7 18. Bxg7 Kxg7 19. a4 Kf6 20. Rad1 b5
21. axb5 axb5 22. Ra1 bxc4 23. bxc4 Rc7 24. Kf2 g5 25. Ke3 Ke5 26. g3 Rb3+
1/2-1/2

[Event "47. Torneo Villa de Mislata - Torneo A"]
[Site "Mislata ESP"]
[Date "2013.08.16"]
[Round "7.21"]
[White "Ribes Peris, Alvaro"]
[Black "Gimenez Ruiz, Jesus"]
[Result "1-0"]
[WhiteElo "2109"]
[BlackElo "1755"]
[PlyCount "99"]
[EventDate "2013.08.12"]
[EventType "swiss"]
[EventRounds "9"]
[EventCountry "ESP"]
[Source "lmi"]
[SourceDate "2013.08.12"]

1. d4 d5 2. c4 c6 3. Nf3 Nf6 4. cxd5 Nxd5 5. e4 Nf6 6. Nc3 Bg4 7. Be3 e6 8. Bd3
Be7 9. O-O O-O 10. e5 Nd5 11. Ne4 Nd7 12. Rc1 Rc8 13. h3 Bh5 14. g4 Bg6 15. a3
Nxe3 16. fxe3 Nb6 17. Nc3 Bg5 18. Qe2 Bxd3 19. Qxd3 Be7 20. e4 a6 21. Rc2 h6
22. Rg2 Rc7 23. Kh1 Rd7 24. Qe3 Bg5 25. Qf2 Nc4 26. h4 Be3 27. Qe2 b5 28. g5
hxg5 29. hxg5 g6 30. b3 Bxd4 31. Nxd4 Rxd4 32. bxc4 Rxc4 33. Nd1 Kg7 34. Qf3
Rh8+ 35. Kg1 Qe7 36. Ne3 Ra4 37. Qf6+ Qxf6 38. exf6+ Kg8 39. Ng4 Rh5 40. Nh6+
Kf8 41. Rd1 Ke8 42. Rgd2 Rxg5+ 43. Kf1 Rd5 44. exd5 cxd5 45. Rc1 Rf4+ 46. Rf2
Rh4 47. Rc8+ Kd7 48. Rh8 Ra4 49. Nxf7 Rxa3 50. Ne5+ 1-0

[Event "47. Torneo Villa de Mislata - Torneo A"]
[Site "Mislata ESP"]
[Date "2013.08.17"]
[Round "8.1"]
[White "Kovacevic, Slobodan"]
[Black "Mingarro Carceller, Sergi"]
[Result "0-1"]
[WhiteElo "2337"]
[BlackElo "2195"]
[PlyCount "97"]
[EventDate "2013.08.12"]
[EventType "swiss"]
[EventRounds "9"]
[EventCountry "ESP"]
[Source "lmi"]
[SourceDate "2013.08.12"]

1. d4 Nf6 2. Nf3 g6 3. Bg5 Bg7 4. Nbd2 O-O 5. c3 d6 6. e4 c5 7. dxc5 dxc5 8.
Qc2 Nc6 9. Be2 Qc7 10. O-O Rd8 11. Nc4 h6 12. Bh4 Nh5 13. Ne3 g5 14. Bg3 Nxg3
15. hxg3 e6 16. Nd2 Ne7 17. a4 b6 18. f4 Bb7 19. Bh5 Rf8 20. e5 f6 21. exf6
Rxf6 22. Ne4 Rff8 23. Ng4 gxf4 24. gxf4 Rf5 25. Ng3 Rxf4 26. Qe2 Bd5 27. Ne3
Raf8 28. Bg4 Qe5 29. Bh3 Rxf1+ 30. Ngxf1 Ng6 31. Qd2 Nf4 32. Bg4 Qg5 33. a5 b5
34. a6 b4 35. Ra5 h5 36. Nxd5 Nh3+ 37. Kh2 Be5+ 38. g3 Rf2+ 39. Qxf2 Nxf2 40.
Bxe6+ Kh8 41. Rxc5 Ne4 42. Rc8+ Kh7 43. Rg8 Qc1 44. Rf8 Qxb2+ 45. Kg1 Nd6 46.
cxb4 Bd4+ 47. Kh1 Qe2 48. Bh3 Ne4 49. Bg2 0-1

[Event "47. Torneo Villa de Mislata - Torneo A"]
[Site "Mislata ESP"]
[Date "2013.08.17"]
[Round "8.2"]
[White "Cruz Lledo, Pablo"]
[Black "Carrascoso Morales, Abel"]
[Result "1/2-1/2"]
[WhiteElo "2271"]
[BlackElo "2288"]
[PlyCount "91"]
[EventDate "2013.08.12"]
[EventType "swiss"]
[EventRounds "9"]
[EventCountry "ESP"]
[Source "lmi"]
[SourceDate "2013.08.12"]

1. d4 c5 2. d5 g6 3. c4 Bg7 4. e4 d6 5. Ne2 b5 6. cxb5 a6 7. Nec3 Nf6 8. Na3
O-O 9. Be2 axb5 10. Naxb5 Ba6 11. O-O Nbd7 12. Be3 Qa5 13. f3 Rfb8 14. a4 Ne8
15. Qc2 Nc7 16. Ra3 Bxb5 17. axb5 Qb4 18. Rfa1 Nb6 19. g3 Rxa3 20. Rxa3 Bd4 21.
Bf2 Bxf2+ 22. Kxf2 Qd4+ 23. Kg2 Ra8 24. Rxa8+ Ncxa8 25. b3 Qb4 26. h4 Nc7 27.
Bf1 e6 28. Na4 Nxb5 29. Bxb5 Qxb5 30. Nxb6 Qxb6 31. Qc4 e5 32. f4 exf4 33. gxf4
Qd8 34. e5 Qxh4 35. exd6 Qg4+ 36. Kf2 Qh4+ 37. Ke2 Qh2+ 38. Kd1 Qg1+ 39. Kc2
Qf2+ 40. Kb1 Qe1+ 41. Kb2 Qd2+ 42. Ka3 Qa5+ 43. Kb2 Qd2+ 44. Ka3 Qa5+ 45. Qa4
Qe1 46. Kb2 1/2-1/2

[Event "47. Torneo Villa de Mislata - Torneo A"]
[Site "Mislata ESP"]
[Date "2013.08.17"]
[Round "8.4"]
[White "Castella Garcia, Fausto"]
[Black "Fernandez Ayuso, Sergio"]
[Result "1-0"]
[WhiteElo "2338"]
[BlackElo "2043"]
[PlyCount "49"]
[EventDate "2013.08.12"]
[EventType "swiss"]
[EventRounds "9"]
[EventCountry "ESP"]
[Source "lmi"]
[SourceDate "2013.08.12"]

1. e4 e6 2. d4 d5 3. Nc3 Bb4 4. exd5 exd5 5. Bd3 Ne7 6. Qh5 Nbc6 7. a3 Ba5 8.
Nf3 Be6 9. b4 Bb6 10. Ne2 Ng6 11. c3 Nce7 12. Ng5 Qd7 13. Nxe6 Qxe6 14. O-O O-O
15. Nf4 Qd7 16. Ra2 c6 17. Re1 Bc7 18. Rae2 Rae8 19. Nh3 f6 20. g3 Nc8 21. Bf5
Rxe2 22. Rxe2 Qd8 23. Nf4 Bxf4 24. Bxf4 Re8 25. Bc7 1-0

[Event "47. Torneo Villa de Mislata - Torneo A"]
[Site "Mislata ESP"]
[Date "2013.08.17"]
[Round "8.5"]
[White "Jimenez Martin, Gustavo"]
[Black "Aymerich Rosell, Pablo"]
[Result "0-1"]
[WhiteElo "2136"]
[BlackElo "2199"]
[PlyCount "82"]
[EventDate "2013.08.12"]
[EventType "swiss"]
[EventRounds "9"]
[EventCountry "ESP"]
[Source "lmi"]
[SourceDate "2013.08.12"]

1. d4 e6 2. Nc3 Nf6 3. e4 d5 4. Bg5 Bb4 5. exd5 Qxd5 6. Bxf6 Bxc3+ 7. bxc3 gxf6
8. Nf3 b6 9. c4 Qa5+ 10. Qd2 Qxd2+ 11. Nxd2 Bb7 12. f3 Nc6 13. Nb3 O-O-O 14. c3
e5 15. O-O-O a5 16. a4 Rhe8 17. Bd3 h6 18. Be4 Kb8 19. Rhe1 exd4 20. cxd4 f5
21. Bxf5 Rxe1 22. Rxe1 Nxd4 23. Nxd4 Rxd4 24. Re8+ Ka7 25. Re7 Rxc4+ 26. Kb2
Bd5 27. Bd7 Rb4+ 28. Kc3 Kb7 29. Re5 c6 30. Rh5 Rf4 31. Rxh6 Rxa4 32. h4 b5 33.
h5 b4+ 34. Kd4 b3+ 35. Kc3 Ra2 36. g4 Rc2+ 37. Kd3 Bc4+ 38. Kd4 b2 39. Bxc6+
Ka7 40. Rh8 Bb5 41. Ra8+ Kb6 0-1

[Event "47. Torneo Villa de Mislata - Torneo A"]
[Site "Mislata ESP"]
[Date "2013.08.17"]
[Round "8.6"]
[White "Montalban Galvez, Antoni"]
[Black "Lopez Mulet, Inigo"]
[Result "1-0"]
[WhiteElo "2197"]
[BlackElo "2120"]
[PlyCount "61"]
[EventDate "2013.08.12"]
[EventType "swiss"]
[EventRounds "9"]
[EventCountry "ESP"]
[Source "lmi"]
[SourceDate "2013.08.12"]

1. Nf3 Nf6 2. c4 e6 3. g3 d5 4. Bg2 d4 5. d3 Nc6 6. O-O Bc5 7. Bg5 e5 8. Nbd2
Be7 9. b4 Nd7 10. Bxe7 Qxe7 11. b5 Nd8 12. Re1 c5 13. e3 Ne6 14. exd4 exd4 15.
Nh4 g6 16. f4 f5 17. Nhf3 Nf6 18. Ng5 Ng4 19. Nf1 Rf8 20. h3 Ne3 21. Nxe3 dxe3
22. Rxe3 h6 23. Nxe6 Bxe6 24. Qe2 Rf6 25. Re1 Kf7 26. Bxb7 Qxb7 27. Rxe6 Rxe6
28. Qxe6+ Kf8 29. Qf6+ Qf7 30. Qd6+ Kg8 31. Re7 1-0

[Event "47. Torneo Villa de Mislata - Torneo A"]
[Site "Mislata ESP"]
[Date "2013.08.17"]
[Round "8.7"]
[White "Rubio Tent, Francisco"]
[Black "Saenz Narciso, Miguel Angel"]
[Result "1/2-1/2"]
[WhiteElo "2150"]
[BlackElo "2206"]
[PlyCount "109"]
[EventDate "2013.08.12"]
[EventType "swiss"]
[EventRounds "9"]
[EventCountry "ESP"]
[Source "lmi"]
[SourceDate "2013.08.12"]

1. e4 c5 2. Nf3 g6 3. d4 cxd4 4. Nxd4 Nc6 5. Nc3 Bg7 6. Nb3 Nf6 7. Bc4 O-O 8.
O-O d6 9. Re1 b6 10. Nd5 Bb7 11. c3 e6 12. Nxf6+ Bxf6 13. Bh6 Bg7 14. Bxg7 Kxg7
15. Qd2 Qe7 16. Rad1 Rfd8 17. Bf1 d5 18. exd5 Rxd5 19. Qxd5 exd5 20. Rxe7 Nxe7
21. Nd4 Nc6 22. Nxc6 Bxc6 23. g3 Kf6 24. Bg2 Re8 25. Bxd5 Bxd5 26. Rxd5 Re2 27.
Rb5 Ke6 28. Kg2 Rc2 29. Kf3 Kd6 30. Ke3 Kc6 31. a4 a5 32. h4 f6 33. f3 Rc1 34.
Kf4 Rc2 35. g4 Rh2 36. Kg3 Rd2 37. h5 Re2 38. Kf4 Rf2 39. Kg3 Re2 40. hxg6 hxg6
41. Kf4 Rf2 42. b3 Rc2 43. c4 Rc3 44. Ke4 Rc1 45. g5 Re1+ 46. Kf4 Re6 47. c5
fxg5+ 48. Kxg5 bxc5 49. Rxa5 Re3 50. f4 Rg3+ 51. Kf6 Rf3 52. Ke5 Re3+ 53. Kf6
Rf3 54. Kg5 Rg3+ 55. Kf6 1/2-1/2

[Event "47. Torneo Villa de Mislata - Torneo A"]
[Site "Mislata ESP"]
[Date "2013.08.17"]
[Round "8.8"]
[White "Rebole Arbea, Jose Ignacio"]
[Black "Ribera Cebolla, Marc"]
[Result "1/2-1/2"]
[WhiteElo "2187"]
[BlackElo "2029"]
[PlyCount "46"]
[EventDate "2013.08.12"]
[EventType "swiss"]
[EventRounds "9"]
[EventCountry "ESP"]
[Source "lmi"]
[SourceDate "2013.08.12"]

1. Nf3 c5 2. c4 Nf6 3. Nc3 b6 4. e3 Bb7 5. d4 e6 6. Bd3 Be7 7. O-O O-O 8. Bc2
cxd4 9. exd4 d5 10. cxd5 Nxd5 11. Re1 Nf6 12. Bg5 Nc6 13. a3 h6 14. Bh4 Nh5 15.
Qd3 g6 16. Bg3 Nxg3 17. fxg3 Bf6 18. Rad1 Ne7 19. Ne5 Bg7 20. Bb3 Nd5 21. Ne4
Qe7 22. Qf1 Rad8 23. Nf3 Nf6 1/2-1/2

[Event "47. Torneo Villa de Mislata - Torneo A"]
[Site "Mislata ESP"]
[Date "2013.08.17"]
[Round "8.9"]
[White "Garcia De Lomas Guerrero, Carlos"]
[Black "Sanchez Dengra, Jose Maria"]
[Result "1/2-1/2"]
[WhiteElo "2013"]
[BlackElo "2134"]
[PlyCount "45"]
[EventDate "2013.08.12"]
[EventType "swiss"]
[EventRounds "9"]
[EventCountry "ESP"]
[Source "lmi"]
[SourceDate "2013.08.12"]

1. e4 c5 2. Nf3 Nc6 3. d4 cxd4 4. Nxd4 e6 5. Nxc6 bxc6 6. Bd3 d5 7. Nd2 Nf6 8.
c4 Be7 9. Qe2 O-O 10. O-O a5 11. b3 a4 12. Bb2 a3 13. Bxf6 Bxf6 14. Rad1 g6 15.
Nf3 Bb7 16. Qc2 Qa5 17. e5 Bg7 18. h4 dxc4 19. Bxc4 Bxe5 20. Rd7 Bc8 21. b4 Qa4
22. Bb3 Qb5 23. Bc4 1/2-1/2

[Event "47. Torneo Villa de Mislata - Torneo A"]
[Site "Mislata ESP"]
[Date "2013.08.17"]
[Round "8.10"]
[White "Buenafe Moya, Javier"]
[Black "Sanchiz Marti, Josep Miquel"]
[Result "1-0"]
[WhiteElo "2229"]
[BlackElo "2047"]
[PlyCount "59"]
[EventDate "2013.08.12"]
[EventType "swiss"]
[EventRounds "9"]
[EventCountry "ESP"]
[Source "lmi"]
[SourceDate "2013.08.12"]

1. c4 Nf6 2. Nc3 g6 3. g3 Bg7 4. Bg2 O-O 5. d3 d6 6. e4 Nbd7 7. Nge2 e5 8. O-O
c6 9. h3 Nc5 10. Be3 Ne6 11. d4 exd4 12. Nxd4 Qe7 13. Qc2 Nxd4 14. Bxd4 Be6 15.
b3 a6 16. Rad1 Rab8 17. f4 c5 18. Bf2 b5 19. f5 Bc8 20. g4 h6 21. Bg3 Rb6 22.
fxg6 Be6 23. e5 Ne8 24. gxf7+ Rxf7 25. Nd5 Rxf1+ 26. Rxf1 Bxd5 27. Bxd5+ Kh8
28. Qg6 dxe5 29. Qxb6 e4 30. Qe6 1-0

[Event "47. Torneo Villa de Mislata - Torneo A"]
[Site "Mislata ESP"]
[Date "2013.08.17"]
[Round "8.11"]
[White "Picazo Lopez, Juan Antonio"]
[Black "Martin Capitan, Feliciano"]
[Result "0-1"]
[WhiteElo "2200"]
[BlackElo "2105"]
[PlyCount "56"]
[EventDate "2013.08.12"]
[EventType "swiss"]
[EventRounds "9"]
[EventCountry "ESP"]
[Source "lmi"]
[SourceDate "2013.08.12"]

1. d4 d5 2. c4 e6 3. Nc3 Bb4 4. cxd5 exd5 5. Qc2 Nf6 6. Bg5 c5 7. e3 Nbd7 8.
Bd3 Qa5 9. Nge2 O-O 10. O-O Re8 11. a3 Bxc3 12. bxc3 c4 13. Bf5 Ne4 14. Bf4 Nb6
15. Bxc8 Raxc8 16. f3 Nf6 17. Ng3 Qa4 18. Qf2 Qa5 19. Bg5 Rc6 20. Qc2 Na4 21.
Rfc1 h6 22. Bxf6 Rxf6 23. e4 Rb6 24. Rab1 Rxb1 25. Rxb1 Nxc3 26. Rxb7 dxe4 27.
fxe4 Nxe4 28. Qxc4 Nd6 0-1

[Event "47. Torneo Villa de Mislata - Torneo A"]
[Site "Mislata ESP"]
[Date "2013.08.17"]
[Round "8.12"]
[White "Nieves Cabanes, Jose Manuel"]
[Black "Jordan Martinez, Miguel"]
[Result "1/2-1/2"]
[WhiteElo "2048"]
[BlackElo "2172"]
[PlyCount "98"]
[EventDate "2013.08.12"]
[EventType "swiss"]
[EventRounds "9"]
[EventCountry "ESP"]
[Source "lmi"]
[SourceDate "2013.08.12"]

1. d4 Nf6 2. Nf3 c5 3. d5 g6 4. c4 b5 5. Qc2 Bg7 6. e4 d6 7. cxb5 O-O 8. Nc3 a6
9. b6 Nbd7 10. a4 Qxb6 11. Be2 Bb7 12. a5 Qc7 13. O-O e6 14. Bc4 exd5 15. exd5
Ng4 16. Nd2 Nge5 17. f4 Nxc4 18. Nxc4 f5 19. b3 Nf6 20. Bb2 Rad8 21. Qd3 Qf7
22. Rad1 Rfe8 23. Ne3 Re7 24. h3 Ne4 25. Nxe4 Rxe4 26. Bxg7 Qxg7 27. Nc2 Rde8
28. Rf2 Bc8 29. Kh2 Kf7 30. Rdd2 Qf6 31. Rde2 Qe7 32. Rd2 Qb7 33. Qg3 Bd7 34.
Qc3 Bb5 35. b4 Qc7 36. Nd4 Re3 37. Qc2 Bd7 38. bxc5 Qxc5 39. Qxc5 dxc5 40. Nf3
Bb5 41. Ne5+ R3xe5 42. fxe5 Rxe5 43. Rf3 Ke7 44. d6+ Kd7 45. g4 Bc6 46. Rfd3 f4
47. Kg1 h6 48. Rb2 Bb5 49. Rdd2 c4 1/2-1/2

[Event "47. Torneo Villa de Mislata - Torneo A"]
[Site "Mislata ESP"]
[Date "2013.08.17"]
[Round "8.13"]
[White "Gonzalez Aguirre, Luis"]
[Black "Cano Cabanillas, Javier"]
[Result "1/2-1/2"]
[WhiteElo "2151"]
[BlackElo "2010"]
[PlyCount "128"]
[EventDate "2013.08.12"]
[EventType "swiss"]
[EventRounds "9"]
[EventCountry "ESP"]
[Source "lmi"]
[SourceDate "2013.08.12"]

1. c4 Nf6 2. Nc3 d5 3. cxd5 Nxd5 4. Nf3 g6 5. e4 Nb6 6. d4 Bg7 7. Be3 Bg4 8.
Be2 Nc6 9. d5 Bxf3 10. gxf3 Nb8 11. Qd2 c6 12. O-O-O O-O 13. Bh6 cxd5 14. exd5
Na6 15. h4 Rc8 16. Bxg7 Kxg7 17. h5 Rh8 18. h6+ Kf8 19. Kb1 f6 20. Nb5 Nc4 21.
Bxc4 Rxc4 22. Rc1 Rxc1+ 23. Rxc1 Qd7 24. Nxa7 Kf7 25. Rd1 Rd8 26. Qe2 Kf8 27.
Nb5 Qf5+ 28. Qe4 Nb4 29. Nc3 Qxe4+ 30. fxe4 e6 31. a3 Na6 32. b4 exd5 33. Rxd5
Rxd5 34. Nxd5 Kf7 35. Kc2 Ke6 36. Kd3 f5 37. Kd4 Nb8 38. b5 fxe4 39. Kxe4 Nd7
40. Kd4 Kd6 41. a4 Ne5 42. Nf6 Nf7 43. Ng4 Ng5 44. a5 Ne6+ 45. Kc4 Nd8 46. a6
bxa6 47. bxa6 Kc6 48. a7 Kb7 49. Kd5 Kxa7 50. Kd6 Kb7 51. Ke7 Kc7 52. Ne5 Nb7
53. Nxg6 Nd6 54. Nh4 Nc8+ 55. Kf7 Kd7 56. f4 Nd6+ 57. Kg7 Ke7 58. Kxh7 Kf7 59.
Ng6 Nf5 60. Ne5+ Kf6 61. Ng4+ Kf7 62. Ne5+ Kf6 63. Nf3 Nxh6 64. Kxh6 Kf5
1/2-1/2

[Event "47. Torneo Villa de Mislata - Torneo A"]
[Site "Mislata ESP"]
[Date "2013.08.17"]
[Round "8.14"]
[White "Calvo Alfonso, Vicente"]
[Black "Gonzalez Santamartina, Jorge"]
[Result "1-0"]
[WhiteElo "2177"]
[BlackElo "1891"]
[PlyCount "87"]
[EventDate "2013.08.12"]
[EventType "swiss"]
[EventRounds "9"]
[EventCountry "ESP"]
[Source "lmi"]
[SourceDate "2013.08.12"]

1. c4 e6 2. Nc3 d5 3. d4 Nf6 4. cxd5 exd5 5. Bg5 c6 6. e3 Be7 7. Qc2 Nbd7 8.
Bd3 O-O 9. Nge2 Re8 10. O-O Nf8 11. Rae1 Ne4 12. Bxe7 Qxe7 13. f3 Nd6 14. Ng3
Ne6 15. Bxh7+ Kh8 16. Bd3 Qh4 17. Qf2 g6 18. Nge2 Qxf2+ 19. Kxf2 f5 20. h3 Kg7
21. g4 Rh8 22. Rh1 Bd7 23. gxf5 gxf5 24. Reg1+ Kf6 25. h4 Rh6 26. Rg2 Rah8 27.
Rgh2 Be8 28. e4 fxe4 29. fxe4 dxe4 30. Nxe4+ Nxe4+ 31. Bxe4 Bh5 32. Bf3 Rd8 33.
Ke3 Bxf3 34. Rf2 Rdh8 35. Rxf3+ Ke7 36. Ng3 Ng7 37. Rhf1 Kd8 38. Rf8+ Rxf8 39.
Rxf8+ Ke7 40. Rb8 Kf6 41. Rxb7 Ne6 42. h5 Rh8 43. Rxa7 Re8 44. Ne4+ 1-0

[Event "47. Torneo Villa de Mislata - Torneo A"]
[Site "Mislata ESP"]
[Date "2013.08.17"]
[Round "8.15"]
[White "Pena Riasco, Alexander"]
[Black "Cabero Feliciano, Guillermo"]
[Result "1-0"]
[WhiteElo "2121"]
[BlackElo "2072"]
[PlyCount "59"]
[EventDate "2013.08.12"]
[EventType "swiss"]
[EventRounds "9"]
[EventCountry "ESP"]
[Source "lmi"]
[SourceDate "2013.08.12"]

1. e4 e6 2. d4 d5 3. Nd2 Be7 4. Bd3 c5 5. exd5 Qxd5 6. Ngf3 Nf6 7. O-O O-O 8.
dxc5 Nbd7 9. b4 a5 10. Bc4 Qh5 11. c3 Nd5 12. Bxd5 Qxd5 13. Bb2 b6 14. c4 Qb7
15. a3 bxc5 16. b5 Qc7 17. Qe2 Bb7 18. Rfe1 Qf4 19. Qe3 Qg4 20. Ne4 Nb8 21.
Rac1 Rc8 22. h3 Qf5 23. Qc3 Qg6 24. Ne5 Qh6 25. Qf3 f5 26. Nf6+ Bxf6 27. Qxb7
Bxe5 28. Bxe5 Nd7 29. Bc7 Re8 30. Qc6 1-0

[Event "47. Torneo Villa de Mislata - Torneo A"]
[Site "Mislata ESP"]
[Date "2013.08.17"]
[Round "8.16"]
[White "Morant Amezaga, Elies"]
[Black "Jordan Arenas, Manuel"]
[Result "0-1"]
[WhiteElo "2022"]
[BlackElo "2114"]
[PlyCount "48"]
[EventDate "2013.08.12"]
[EventType "swiss"]
[EventRounds "9"]
[EventCountry "ESP"]
[Source "lmi"]
[SourceDate "2013.08.12"]

1. d4 Nf6 2. c4 e6 3. Nc3 Bb4 4. e3 O-O 5. Bd3 d5 6. a3 Bxc3+ 7. bxc3 Nc6 8.
cxd5 exd5 9. Nf3 Bg4 10. O-O Ne4 11. c4 Ng5 12. Be2 Nxf3+ 13. Bxf3 Bxf3 14.
Qxf3 dxc4 15. Bb2 Qd6 16. a4 Rfd8 17. Rac1 Na5 18. Rfd1 c6 19. e4 b5 20. d5 b4
21. dxc6 Qxc6 22. Bd4 c3 23. Qg3 Qh6 24. Qe5 Nc6 0-1

[Event "47. Torneo Villa de Mislata - Torneo A"]
[Site "Mislata ESP"]
[Date "2013.08.17"]
[Round "8.18"]
[White "Ferreruela Romero, Jose Joaquin"]
[Black "Ribes Peris, Alvaro"]
[Result "0-1"]
[WhiteElo "2022"]
[BlackElo "2109"]
[PlyCount "84"]
[EventDate "2013.08.12"]
[EventType "swiss"]
[EventRounds "9"]
[EventCountry "ESP"]
[Source "lmi"]
[SourceDate "2013.08.12"]

1. d4 d5 2. c4 e6 3. Nc3 Nf6 4. cxd5 exd5 5. Bg5 Be7 6. e3 b6 7. Bd3 Bb7 8.
Nge2 Ne4 9. Bf4 O-O 10. Qc2 Re8 11. f3 Nxc3 12. bxc3 h6 13. e4 c5 14. e5 cxd4
15. cxd4 Bb4+ 16. Bd2 Nc6 17. O-O Qe7 18. Be3 Rac8 19. Qa4 a6 20. a3 b5 21. Qb3
Ba5 22. f4 Bb6 23. Qd1 b4 24. Bb1 bxa3 25. Rf3 Qb4 26. Qd3 g6 27. h3 Nxd4 28.
Nxd4 Rc3 29. Qd2 Bxd4 30. Bxd4 Rc1+ 31. Qxc1 Qxd4+ 32. Kh2 Qxa1 33. Rxa3 Qd4
34. Rd3 Qb6 35. Qd1 Qc6 36. Ba2 Rd8 37. f5 g5 38. Qh5 Qc7 39. Qxh6 Qxe5+ 40.
Rg3 f6 41. h4 Rd7 42. hxg5 Rh7 0-1

[Event "47. Torneo Villa de Mislata - Torneo A"]
[Site "Mislata ESP"]
[Date "2013.08.17"]
[Round "8.19"]
[White "Ortega Lopez, Mikel"]
[Black "Gomez Sanjuan, Hector Fernando"]
[Result "1-0"]
[WhiteElo "1988"]
[BlackElo "1711"]
[PlyCount "79"]
[EventDate "2013.08.12"]
[EventType "swiss"]
[EventRounds "9"]
[EventCountry "ESP"]
[Source "lmi"]
[SourceDate "2013.08.12"]

1. e4 c5 2. Nf3 Nc6 3. d4 cxd4 4. Nxd4 g6 5. Nc3 Bg7 6. Be3 Nf6 7. Bc4 O-O 8.
Bb3 d6 9. h3 Bd7 10. O-O Nxd4 11. Bxd4 b5 12. a3 a5 13. Qd3 Rb8 14. f4 Ne8 15.
Rad1 b4 16. axb4 axb4 17. Nd5 Bb5 18. Bc4 Bxc4 19. Qxc4 b3 20. cxb3 e6 21. Ne3
Bxd4 22. Rxd4 Nc7 23. f5 Qe7 24. f6 Qd7 25. Ng4 Kh8 26. Qc1 d5 27. Qh6 Rg8 28.
Ne5 Qe8 29. exd5 g5 30. dxe6 Nxe6 31. Rd7 Nd8 32. Re7 Qf8 33. Qxf8 Rxf8 34. Nd7
Nc6 35. Nxb8 Nxe7 36. fxe7 Rxb8 37. Rxf7 Kg8 38. Rf8+ Rxf8 39. exf8=Q+ Kxf8 40.
Kf2 1-0